Sports Quiz

Random Sports Quiz

ASHES 5th TEST XI's 1986/87-2010/11 Quiz Stats

 Plays Quiz not verified by Sporcle

Also try: 5-Letter NFL Teams
Challenge
Share
Tweet
Embed
Score 0/286 Timer 10:00
0 Plays Today
SERIES/TEAM PLAYER % Correct
AUSTRALIA 1993 (Birmingham)Shane WARNE
98.9%
AUSTRALIA 1994/95 (Perth)Shane WARNE
98.9%
AUSTRALIA 1997 (Nottingham)Shane WARNE
98.9%
AUSTRALIA 1998/99 (SCG)Shane WARNE
98.9%
AUSTRALIA 2001 (The Oval)Shane WARNE
98.9%
AUSTRALIA 2005 (The Oval)Shane WARNE
98.9%
AUSTRALIA 2006/2007 (SCG)Shane WARNE
98.9%
AUSTRALIA 1997 (Nottingham)Ricky PONTING
97.8%
ENGLAND 2001 (The Oval)Marcus TRESCOTHICK
97.8%
AUSTRALIA 2001 (The Oval)Ricky PONTING
97.8%
AUSTRALIA 2002/2003 (SCG)Ricky PONTING
97.8%
ENGLAND 2002/2003 (SCG)Marcus TRESCOTHICK
97.8%
ENGLAND 2005 (The Oval)Marcus TRESCOTHICK
97.8%
AUSTRALIA 2005 (The Oval)Ricky PONTING
97.8%
AUSTRALIA 2006/2007 (SCG)Ricky PONTING
97.8%
AUSTRALIA 2009 (The Oval)Ricky PONTING
97.8%
AUSTRALIA 1986/87 (SCG)Dean JONES
96.7%
AUSTRALIA 1986/87 (SCG)Steve WAUGH
96.7%
AUSTRALIA 1989 (Nottingham)Dean JONES
96.7%
AUSTRALIA 1989 (Nottingham)Steve WAUGH
96.7%
AUSTRALIA 1990/91 (Perth)Dean JONES
96.7%
AUSTRALIA 1990/91 (Perth)Mark WAUGH
96.7%
AUSTRALIA 1993 (Birmingham)Mark WAUGH
96.7%
AUSTRALIA 1993 (Birmingham)Steve WAUGH
96.7%
AUSTRALIA 1994/95 (Perth)Mark WAUGH
96.7%
AUSTRALIA 1994/95 (Perth)Steve WAUGH
96.7%
AUSTRALIA 1997 (Nottingham)Mark WAUGH
96.7%
AUSTRALIA 1997 (Nottingham)Steve WAUGH
96.7%
AUSTRALIA 1998/99 (SCG)Mark WAUGH
96.7%
AUSTRALIA 1998/99 (SCG)Steve WAUGH
96.7%
AUSTRALIA 2001 (The Oval)Mark WAUGH
96.7%
AUSTRALIA 2001 (The Oval)Steve WAUGH
96.7%
AUSTRALIA 2002/2003 (SCG)Steve WAUGH
96.7%
ENGLAND 2005 (The Oval)Geraint JONES
96.7%
ENGLAND 1986/87 (SCG)Chris BROAD
95.6%
ENGLAND 1989 (Nottingham)Robin SMITH
95.6%
ENGLAND 1990/91 (Perth)Robin SMITH
95.6%
ENGLAND 1990/91 (Perth)Alec STEWART
95.6%
ENGLAND 1993 (Birmingham)Robin SMITH
95.6%
ENGLAND 1993 (Birmingham)Alec STEWART
95.6%
ENGLAND 1997 (Nottingham)Alec STEWART
95.6%
ENGLAND 1998/99 (SCG)Alec STEWART
95.6%
ENGLAND 2001 (The Oval)Alec STEWART
95.6%
AUSTRALIA 2001 (The Oval)Matthew HAYDEN
95.6%
AUSTRALIA 2002/2003 (SCG)Matthew HAYDEN
95.6%
ENGLAND 2002/2003 (SCG)Alec STEWART
95.6%
ENGLAND 2005 (The Oval)Ian BELL
95.6%
ENGLAND 2005 (The Oval)Kevin PIETERSEN
95.6%
AUSTRALIA 2005 (The Oval)Matthew HAYDEN
95.6%
AUSTRALIA 2006/2007 (SCG)Matthew HAYDEN
95.6%
ENGLAND 2006/2007 (SCG)Ian BELL
95.6%
ENGLAND 2006/2007 (SCG)Kevin PIETERSEN
95.6%
ENGLAND 2009 (The Oval)Ian BELL
95.6%
ENGLAND 2009 (The Oval)Stuart BROAD
95.6%
ENGLAND 2010/11 (SCG)Kevin PIETERSEN
95.6%
ENGLAND 2010/11 (SCG)Ian BELL
95.6%
ENGLAND 1989 (Nottingham)Nick COOK
94.4%
AUSTRALIA 1994/95 (Perth)Glenn McGRATH
94.4%
AUSTRALIA 1997 (Nottingham)Glenn McGRATH
94.4%
AUSTRALIA 1998/99 (SCG)Glenn McGRATH
94.4%
AUSTRALIA 2001 (The Oval)Glenn McGRATH
94.4%
ENGLAND 2002/2003 (SCG)Steve HARMISON
94.4%
ENGLAND 2005 (The Oval)Steve HARMISON
94.4%
AUSTRALIA 2005 (The Oval)Michael CLARKE
94.4%
AUSTRALIA 2005 (The Oval)Glenn McGRATH
94.4%
AUSTRALIA 2006/2007 (SCG)Michael CLARKE
94.4%
AUSTRALIA 2006/2007 (SCG)Glenn McGRATH
94.4%
ENGLAND 2006/2007 (SCG)Alastair COOK
94.4%
ENGLAND 2006/2007 (SCG)Steve HARMISON
94.4%
ENGLAND 2009 (The Oval)Alastair COOK
94.4%
ENGLAND 2009 (The Oval)Steve HARMISON
94.4%
AUSTRALIA 2009 (The Oval)Michael CLARKE
94.4%
AUSTRALIA 2010/11 (SCG)Michael CLARKE
94.4%
AUSTRALIA 2010/11 (SCG)Steven SMITH
94.4%
ENGLAND 2010/11 (SCG)Alastair COOK
94.4%
AUSTRALIA 1998/99 (SCG)Justin LANGER
93.3%
AUSTRALIA 2001 (The Oval)Justin LANGER
93.3%
AUSTRALIA 2002/2003 (SCG)Justin LANGER
93.3%
ENGLAND 2005 (The Oval)Paul COLLINGWOOD
93.3%
AUSTRALIA 2005 (The Oval)Justin LANGER
93.3%
AUSTRALIA 2006/2007 (SCG)Justin LANGER
93.3%
AUSTRALIA 2006/2007 (SCG)Stuart CLARK
93.3%
ENGLAND 2006/2007 (SCG)Paul COLLINGWOOD
93.3%
ENGLAND 2006/2007 (SCG)James ANDERSON
93.3%
ENGLAND 2009 (The Oval)Paul COLLINGWOOD
93.3%
ENGLAND 2009 (The Oval)Graeme SWANN
93.3%
ENGLAND 2009 (The Oval)James ANDERSON
93.3%
AUSTRALIA 2009 (The Oval)Stuart CLARK
93.3%
ENGLAND 2010/11 (SCG)Paul COLLINGWOOD
93.3%
ENGLAND 2010/11 (SCG)Graeme SWANN
93.3%
ENGLAND 2010/11 (SCG)James ANDERSON
93.3%
AUSTRALIA 1986/87 (SCG)Merv HUGHES
92.2%
AUSTRALIA 1989 (Nottingham)Merv HUGHES
92.2%
AUSTRALIA 1990/91 (Perth)Merv HUGHES
92.2%
ENGLAND 1993 (Birmingham)Nasser HUSSAIN
92.2%
AUSTRALIA 1993 (Birmingham)Merv HUGHES
92.2%
SERIES/TEAM PLAYER % Correct
ENGLAND 1997 (Nottingham)Nasser HUSSAIN
92.2%
ENGLAND 1998/99 (SCG)Nasser HUSSAIN
92.2%
ENGLAND 2001 (The Oval)Nasser HUSSAIN
92.2%
AUSTRALIA 2001 (The Oval)Adam GILCHRIST
92.2%
AUSTRALIA 2001 (The Oval)Brett LEE
92.2%
AUSTRALIA 2002/2003 (SCG)Adam GILCHRIST
92.2%
AUSTRALIA 2002/2003 (SCG)Brett LEE
92.2%
ENGLAND 2002/2003 (SCG)Michael VAUGHAN
92.2%
ENGLAND 2002/2003 (SCG)Nasser HUSSAIN
92.2%
ENGLAND 2005 (The Oval)Andrew STRAUSS
92.2%
ENGLAND 2005 (The Oval)Michael VAUGHAN
92.2%
ENGLAND 2005 (The Oval)Andrew FLINTOFF
92.2%
ENGLAND 2005 (The Oval)Ashley GILES
92.2%
AUSTRALIA 2005 (The Oval)Adam GILCHRIST
92.2%
AUSTRALIA 2005 (The Oval)Brett LEE
92.2%
AUSTRALIA 2006/2007 (SCG)Adam GILCHRIST
92.2%
AUSTRALIA 2006/2007 (SCG)Brett LEE
92.2%
ENGLAND 2006/2007 (SCG)Andrew STRAUSS
92.2%
ENGLAND 2006/2007 (SCG)Andrew FLINTOFF
92.2%
ENGLAND 2009 (The Oval)Andrew STRAUSS
92.2%
ENGLAND 2009 (The Oval)Andrew FLINTOFF
92.2%
AUSTRALIA 2010/11 (SCG)Phil HUGHES
92.2%
ENGLAND 2010/11 (SCG)Andrew STRAUSS
92.2%
ENGLAND 1989 (Nottingham)Mike ATHERTON
91.1%
ENGLAND 1990/91 (Perth)Mike ATHERTON
91.1%
ENGLAND 1993 (Birmingham)Mike ATHERTON
91.1%
ENGLAND 1994/95 (Perth)Mike ATHERTON
91.1%
ENGLAND 1997 (Nottingham)Mike ATHERTON
91.1%
ENGLAND 1997 (Nottingham)Andrew CADDICK
91.1%
ENGLAND 2001 (The Oval)Mike ATHERTON
91.1%
ENGLAND 2001 (The Oval)Andrew CADDICK
91.1%
ENGLAND 2002/2003 (SCG)Andrew CADDICK
91.1%
ENGLAND 2002/2003 (SCG)Matthew HOGGARD
91.1%
ENGLAND 2005 (The Oval)Matthew HOGGARD
91.1%
AUSTRALIA 1986/87 (SCG)Peter TAYLOR
90%
AUSTRALIA 1989 (Nottingham)Mark TAYLOR
90%
AUSTRALIA 1990/91 (Perth)Mark TAYLOR
90%
AUSTRALIA 1993 (Birmingham)Mark TAYLOR
90%
AUSTRALIA 1994/95 (Perth)Mark TAYLOR
90%
AUSTRALIA 1997 (Nottingham)Mark TAYLOR
90%
AUSTRALIA 1998/99 (SCG)Mark TAYLOR
90%
ENGLAND 1998/99 (SCG)Mark BUTCHER
90%
ENGLAND 1998/99 (SCG)Darren GOUGH
90%
ENGLAND 2001 (The Oval)Mark BUTCHER
90%
ENGLAND 2001 (The Oval)Darren GOUGH
90%
ENGLAND 2002/2003 (SCG)Mark BUTCHER
90%
AUSTRALIA 2009 (The Oval)Mitchell JOHNSON
90%
ENGLAND 2009 (The Oval)Jonathan TROTT
90%
AUSTRALIA 2010/11 (SCG)Mitchell JOHNSON
90%
ENGLAND 2010/11 (SCG)Jonathan TROTT
90%
AUSTRALIA 2009 (The Oval)Shane WATSON
88.9%
AUSTRALIA 2010/11 (SCG)Shane WATSON
88.9%
ENGLAND 1986/87 (SCG)David GOWER
87.8%
ENGLAND 1989 (Nottingham)David GOWER
87.8%
ENGLAND 1990/91 (Perth)Graham GOOCH
87.8%
ENGLAND 1990/91 (Perth)David GOWER
87.8%
ENGLAND 1993 (Birmingham)Graham GOOCH
87.8%
ENGLAND 1994/95 (Perth)Graham GOOCH
87.8%
AUSTRALIA 1997 (Nottingham)Jason GILLESPIE
87.8%
AUSTRALIA 2001 (The Oval)Jason GILLESPIE
87.8%
AUSTRALIA 2002/2003 (SCG)Jason GILLESPIE
87.8%
ENGLAND 2010/11 (SCG)Chris TREMLETT
87.8%
ENGLAND 1986/87 (SCG)Mike GATTING
86.7%
ENGLAND 1994/95 (Perth)Mike GATTING
86.7%
ENGLAND 2009 (The Oval)Matt PRIOR
86.7%
ENGLAND 2010/11 (SCG)Matt PRIOR
86.7%
AUSTRALIA 2005 (The Oval)Simon KATICH
85.6%
AUSTRALIA 2009 (The Oval)Simon KATICH
85.6%
AUSTRALIA 1986/87 (SCG)Allan BORDER
84.4%
AUSTRALIA 1989 (Nottingham)David BOON
84.4%
AUSTRALIA 1989 (Nottingham)Allan BORDER
84.4%
AUSTRALIA 1990/91 (Perth)David BOON
84.4%
AUSTRALIA 1990/91 (Perth)Allan BORDER
84.4%
AUSTRALIA 1993 (Birmingham)David BOON
84.4%
AUSTRALIA 1993 (Birmingham)Allan BORDER
84.4%
AUSTRALIA 1994/95 (Perth)David BOON
84.4%
AUSTRALIA 2001 (The Oval)Damien MARTYN
84.4%
AUSTRALIA 2002/2003 (SCG)Damien MARTYN
84.4%
AUSTRALIA 2005 (The Oval)Damien MARTYN
84.4%
ENGLAND 1990/91 (Perth)Phil TUFNELL
83.3%
ENGLAND 1998/99 (SCG)Graeme HICK
83.3%
ENGLAND 2001 (The Oval)Phil TUFNELL
83.3%
AUSTRALIA 2006/2007 (SCG)Mike HUSSEY
83.3%
AUSTRALIA 2009 (The Oval)Mike HUSSEY
83.3%
AUSTRALIA 2009 (The Oval)Brad HADDIN
83.3%
AUSTRALIA 2010/11 (SCG)Mike HUSSEY
83.3%
AUSTRALIA 2010/11 (SCG)Brad HADDIN
83.3%
AUSTRALIA 1989 (Nottingham)Ian HEALY
82.2%
AUSTRALIA 1990/91 (Perth)Ian HEALY
82.2%
ENGLAND 1993 (Birmingham)Graham THORPE
82.2%
AUSTRALIA 1993 (Birmingham)Michael SLATER
82.2%
AUSTRALIA 1993 (Birmingham)Ian HEALY
82.2%
AUSTRALIA 1994/95 (Perth)Michael SLATER
82.2%
AUSTRALIA 1994/95 (Perth)Ian HEALY
82.2%
ENGLAND 1994/95 (Perth)Graham THORPE
82.2%
ENGLAND 1994/95 (Perth)Mark RAMPRAKASH
82.2%
SERIES/TEAM PLAYER % Correct
ENGLAND 1997 (Nottingham)Graham THORPE
82.2%
AUSTRALIA 1997 (Nottingham)Ian HEALY
82.2%
AUSTRALIA 1998/99 (SCG)Michael SLATER
82.2%
AUSTRALIA 1998/99 (SCG)Ian HEALY
82.2%
ENGLAND 1998/99 (SCG)Mark RAMPRAKASH
82.2%
ENGLAND 2001 (The Oval)Mark RAMPRAKASH
82.2%
AUSTRALIA 2006/2007 (SCG)Andrew SYMONDS
82.2%
AUSTRALIA 2009 (The Oval)Peter SIDDLE
82.2%
AUSTRALIA 2010/11 (SCG)Peter SIDDLE
82.2%
ENGLAND 2006/2007 (SCG)Monty PANESAR
80%
ENGLAND 2010/11 (SCG)Tim BRESNAN
80%
ENGLAND 1986/87 (SCG)Ian BOTHAM
78.9%
ENGLAND 1989 (Nottingham)Ian BOTHAM
78.9%
ENGLAND 1989 (Nottingham)Devon MALCOLM
78.9%
ENGLAND 1990/91 (Perth)Devon MALCOLM
78.9%
ENGLAND 1994/95 (Perth)Devon MALCOLM
78.9%
ENGLAND 1997 (Nottingham)Devon MALCOLM
78.9%
AUSTRALIA 1986/87 (SCG)Geoff MARSH
76.7%
AUSTRALIA 1989 (Nottingham)Geoff MARSH
76.7%
AUSTRALIA 1990/91 (Perth)Geoff MARSH
76.7%
AUSTRALIA 1990/91 (Perth)Craig McDERMOTT
76.7%
AUSTRALIA 1994/95 (Perth)Craig McDERMOTT
76.7%
AUSTRALIA 1998/99 (SCG)Stuart MacGILL
76.7%
AUSTRALIA 2002/2003 (SCG)Stuart MacGILL
76.7%
ENGLAND 1986/87 (SCG)Allan LAMB
75.6%
ENGLAND 1990/91 (Perth)Allan LAMB
75.6%
AUSTRALIA 2009 (The Oval)Ben HILFENHAUS
75.6%
AUSTRALIA 2010/11 (SCG)Ben HILFENHAUS
75.6%
ENGLAND 1989 (Nottingham)Jack RUSSELL
73.3%
ENGLAND 1990/91 (Perth)Phil DE FREITAS
72.2%
ENGLAND 1994/95 (Perth)Phil DE FREITAS
72.2%
ENGLAND 1989 (Nottingham)Angus FRASER
70%
ENGLAND 1994/95 (Perth)Angus FRASER
70%
AUSTRALIA 1998/99 (SCG)Darren LEHMANN
70%
ENGLAND 1994/95 (Perth)John CRAWLEY
68.9%
ENGLAND 1997 (Nottingham)John CRAWLEY
68.9%
ENGLAND 1998/99 (SCG)John CRAWLEY
68.9%
ENGLAND 2002/2003 (SCG)John CRAWLEY
68.9%
AUSTRALIA 2009 (The Oval)Marcus NORTH
68.9%
ENGLAND 2006/2007 (SCG)Chris READ
67.8%
AUSTRALIA 1989 (Nottingham)Terry ALDERMAN
65.6%
AUSTRALIA 1990/91 (Perth)Terry ALDERMAN
65.6%
ENGLAND 1997 (Nottingham)Robert CROFT
65.6%
ENGLAND 1986/87 (SCG)Gladstone SMALL
63.3%
ENGLAND 1990/91 (Perth)Gladstone SMALL
63.3%
AUSTRALIA 2010/11 (SCG)Usman KHAWAJA
63.3%
AUSTRALIA 1994/95 (Perth)Greg BLEWETT
62.2%
AUSTRALIA 1997 (Nottingham)Matthew ELLIOTT
62.2%
AUSTRALIA 1997 (Nottingham)Greg BLEWETT
62.2%
AUSTRALIA 2005 (The Oval)Shaun TAIT
62.2%
AUSTRALIA 1986/87 (SCG)Bruce REID
61.1%
ENGLAND 1986/87 (SCG)John EMBUREY
61.1%
ENGLAND 1993 (Birmingham)John EMBUREY
61.1%
ENGLAND 1994/95 (Perth)Chris LEWIS
61.1%
ENGLAND 1993 (Birmingham)Peter SUCH
60%
ENGLAND 1998/99 (SCG)Peter SUCH
60%
AUSTRALIA 1993 (Birmingham)Tim MAY
57.8%
ENGLAND 1997 (Nottingham)Dean HEADLEY
56.7%
ENGLAND 1998/99 (SCG)Dean HEADLEY
56.7%
AUSTRALIA 2002/2003 (SCG)Andy BICHEL
56.7%
AUSTRALIA 1993 (Birmingham)Paul REIFFEL
55.6%
AUSTRALIA 1997 (Nottingham)Paul REIFFEL
55.6%
ENGLAND 1998/99 (SCG)Alex TUDOR
54.4%
AUSTRALIA 2010/11 (SCG)Michael BEER
54.4%
AUSTRALIA 1990/91 (Perth)Greg MATTHEWS
53.3%
ENGLAND 2006/2007 (SCG)Sajid MAHMOOD
53.3%
ENGLAND 1986/87 (SCG)Graham DILLEY
51.1%
ENGLAND 1986/87 (SCG)Bill ATHEY
50%
ENGLAND 1997 (Nottingham)Adam HOLLIOAKE
50%
ENGLAND 1997 (Nottingham)Ben HOLLIOAKE
50%
AUSTRALIA 1998/99 (SCG)Colin MILLER
47.8%
ENGLAND 1986/87 (SCG)Jack RICHARDS
46.7%
AUSTRALIA 1989 (Nottingham)Geoff LAWSON
44.4%
ENGLAND 1986/87 (SCG)Phil EDMONDS
42.2%
ENGLAND 2001 (The Oval)Usman AFZAAL
42.2%
ENGLAND 2002/2003 (SCG)Robert KEY
42.2%
ENGLAND 1994/95 (Perth)Steven RHODES
41.1%
AUSTRALIA 2002/2003 (SCG)Martin LOVE
40%
AUSTRALIA 1986/87 (SCG)Tim ZOEHRER
37.8%
ENGLAND 2002/2003 (SCG)Richard DAWSON
35.6%
AUSTRALIA 1986/87 (SCG)Greg RITCHIE
34.4%
ENGLAND 1993 (Birmingham)Martin BICKNELL
34.4%
ENGLAND 1998/99 (SCG)Warren HEGG
34.4%
AUSTRALIA 1989 (Nottingham)Trevor HOHNS
33.3%
ENGLAND 1993 (Birmingham)Mark ILOTT
33.3%
ENGLAND 1989 (Nottingham)Eddie HEMMINGS
30%
ENGLAND 2001 (The Oval)Jimmy ORMOND
30%
AUSTRALIA 1986/87 (SCG)Peter SLEEP
27.8%
ENGLAND 1989 (Nottingham)Martyn MOXON
25.6%
ENGLAND 1990/91 (Perth)Phil NEWPORT
25.6%
AUSTRALIA 1994/95 (Perth)Jo ANGEL
25.6%
ENGLAND 1989 (Nottingham)Tim CURTIS
24.4%
ENGLAND 1993 (Birmingham)Matthew MAYNARD
22.2%
AUSTRALIA 1986/87 (SCG)Dirk WELLHAM
18.9%

You're not logged in!

Compare scores with friends on all Sporcle quizzes.
Join for Free
OR
Log In

You Might Also Like...

Show Comments

Extras

Created Aug 20, 2013SourceReportNominate
Tags:1986, 5th, player, team, test

Top Quizzes Today


Score Distribution

Your Account Isn't Verified!

In order to create a playlist on Sporcle, you need to verify the email address you used during registration. Go to your Sporcle Settings to finish the process.

Report this User

Report this user for behavior that violates our Community Guidelines.

Details: